000 00303nam a22001337a 4500
008 181024b xxu||||| |||| 00| 0 eng d
020 _a9780393935424
041 _aeng
080 _a941
100 _a16
101 _ahis
245 _aGive Liberty AN American History
_cEric.F
942 _2udc
_cBK
999 _c50787
_d50787